Mapa de Oceanía en un minuto - Estadísticas

Estadísticas generales
  • Esta prueba ha sido intentada 20 veces
  • La puntuación promedio es 10 de 16
Respuestas en el mapa
Las respuestas están codificadas por una escala verde-roja en el mapa de la prueba según el % correcto abajo.
 
Estadísticas de respuestas
Respuesta % Correcto
Australia
93%
Papua Nueva Guinea
93%
Nueva Zelanda
86%
Fiyi
71%
Islas Salomón
71%
Kiribati
71%
Islas Marshall
64%
Micronesia
64%
Nueva Caledonia (Francia)
64%
Tuvalu
57%
Nauru
50%
Palaos
50%
Samoa
50%
Tonga
50%
Vanuatu
50%
Polinesia Francesa
43%
No se encontraron pruebas coincidentes
Distribución de puntuación
Porcentaje de gente con cada puntuación
Porcentaje por número respondido
Historial de tus puntuaciones
No has intentado esta prueba.